[Event "SR Extraliga 2016/2017"]
[Site "?"]
[Date "2017.02.18"]
[Round "7.4"]
[White "Zetocha, Claudiu"]
[Black "Karas, Marek"]
[Result "1/2-1/2"]
[WhiteElo "2330"]
[BlackElo "2218"]
[PlyCount "118"]
[EventDate "2016.??.??"]

1. Nf3 Nf6 2. c4 e6 3. Nc3 Bb4 4. Qc2 c5 5. e4 d6 6. Be2 Nc6 7. O-O e5 8. Nd5
O-O 9. d3 h6 10. h3 Ba5 11. a3 Nxd5 12. cxd5 Ne7 13. Nh2 f5 14. f4 exf4 15.
Bxf4 Ng6 16. Be3 f4 17. Bf2 Ne5 18. Nf3 Nxf3+ 19. Bxf3 Qg5 20. Kh1 Bd8 21. b4
b6 22. Rab1 Bf6 23. bxc5 bxc5 24. Qa4 a5 25. Rb6 Be5 26. Rfb1 Qe7 27. Qc6 Bd7
28. Qc7 Qd8 29. Qxd8 Rfxd8 30. Bd1 Ra7 31. Bb3 g5 32. Bd1 Kf7 33. Rb7 Rxb7 34.
Rxb7 Kg6 35. Be1 Bc8 36. Rb8 Rh8 37. Bxa5 Ba6 38. Rxh8 Bxh8 39. Bc2 Be5 40. Kg1
h5 41. Kf2 g4 42. hxg4 hxg4 43. Ke2 Kh5 44. Bd8 Kg6 45. a4 Kf7 46. Bb3 f3+ 47.
gxf3 gxf3+ 48. Kxf3 Bxd3 49. Ke3 Ba6 50. Ba5 Bd4+ 51. Kd2 Kf6 52. Bc3 Ke5 53.
Bc2 c4 54. Bb1 Bb7 55. Bb4 Bc8 56. a5 Bb7 57. Bc3 Bc8 58. Bc2 Bb7 59. Bb1 Bc8
1/2-1/2

[Event "SR Extraliga 2016/2017"]
[Site "?"]
[Date "2017.02.18"]
[Round "7.5"]
[White "Gasa, Andrej"]
[Black "Briestensky, Rastislav"]
[Result "0-1"]
[WhiteElo "2279"]
[BlackElo "2313"]
[PlyCount "102"]
[EventDate "2016.??.??"]

1. Nf3 Nf6 2. d4 e6 3. c4 Bb4+ 4. Bd2 Qe7 5. a3 Bxd2+ 6. Nbxd2 d6 7. e4 e5 8.
d5 O-O 9. Bd3 a5 10. O-O Nh5 11. g3 g6 12. Re1 Bg4 13. Be2 a4 14. Kg2 Bd7 15.
c5 dxc5 16. Nc4 f6 17. b3 Kh8 18. bxa4 Bxa4 19. Qb1 Ra7 20. Nfd2 Ng7 21. f4 Nd7
22. Rf1 Re8 23. Bf3 b6 24. Re1 Raa8 25. h3 Rab8 26. Bg4 b5 27. Nb2 Nb6 28. fxe5
Qxe5 29. Nf3 Qd6 30. h4 c4 31. Nd4 c3 32. Nxa4 Nxa4 33. Nc6 Rb6 34. Qc2 h5 35.
Bf3 Kh7 36. Red1 Qc5 37. Re1 Ra6 38. Rec1 Raa8 39. Re1 Nb6 40. Nb4 Na4 41. Nd3
Qd6 42. Nb4 Rab8 43. Nc6 Rb6 44. Nb4 Rd8 45. Rac1 Qc5 46. g4 hxg4 47. Bxg4 Kg8
48. Rf1 Re8 49. Rf3 Qd4 50. Rf4 f5 51. Bf3 Qe3 0-1

[Event "SR Extraliga 2016/2017"]
[Site "?"]
[Date "2017.02.18"]
[Round "7.6"]
[White "Petran, Peter"]
[Black "Sahidi, Samir"]
[Result "1/2-1/2"]
[WhiteElo "2308"]
[BlackElo "2256"]
[PlyCount "97"]
[EventDate "2016.??.??"]

1. g3 d5 2. Bg2 e5 3. d3 Nf6 4. Nf3 Nc6 5. O-O Be7 6. Bg5 O-O 7. Nc3 Be6 8. Nd2
h6 9. Bxf6 Bxf6 10. e4 dxe4 11. dxe4 Nd4 12. Nd5 c6 13. Nxf6+ Qxf6 14. c3 Nb5
15. Qe2 Rfd8 16. Rfd1 Rd7 17. Nb3 Rxd1+ 18. Rxd1 Qe7 19. Qd2 a5 20. Nc1 a4 21.
a3 Nc7 22. Qd6 Qxd6 23. Rxd6 Kf8 24. Bf1 Ke7 25. Rd2 f6 26. f3 Ne8 27. Kf2 Nd6
28. Bd3 g6 29. Re2 Kd7 30. Bb1 Kc7 31. Nd3 Bc4 32. Rd2 Bxd3 33. Bxd3 Rd8 34.
Ke1 Nc8 35. Bc4 Rxd2 36. Kxd2 Nd6 37. Be6 Kb6 38. Kd3 Kc5 39. Ba2 b5 40. Be6
Kb6 41. Ba2 c5 42. Be6 Ka5 43. Bd5 Nc8 44. Be6 Ne7 45. Bd7 c4+ 46. Kd2 Kb6 47.
Ke3 Kc5 48. Kd2 Nc6 49. Bxc6 1/2-1/2

[Event "SR Extraliga 2016/2017"]
[Site "?"]
[Date "2017.02.18"]
[Round "7.7"]
[White "Gasa, Patrik"]
[Black "Havlicek, Libor"]
[Result "0-1"]
[WhiteElo "2148"]
[BlackElo "2298"]
[PlyCount "59"]
[EventDate "2016.??.??"]

1. d4 Nf6 2. c4 e6 3. Nc3 c5 4. d5 exd5 5. cxd5 d6 6. e4 g6 7. Nf3 Bg7 8. Be2
O-O 9. O-O Na6 10. Re1 Re8 11. Nd2 Nd7 12. h3 Nc7 13. Bf1 Rb8 14. a4 a6 15. Nc4
Ne5 16. Nb6 Na8 17. Nxa8 Rxa8 18. f4 Nd7 19. a5 Rb8 20. Qf3 b5 21. axb6 Qxb6
22. Kh1 a5 23. Bc4 Ba6 24. Na4 Qa7 25. Bxa6 Qxa6 26. Bd2 Qc4 27. Bxa5 Rb3 28.
Nc3 Rxb2 29. Rac1 Rb3 30. Re3 0-1

[Event "SR Extraliga 2016/2017"]
[Site "?"]
[Date "2017.02.18"]
[Round "7.8"]
[White "Franzen, Jozef"]
[Black "Hecko, Dusan"]
[Result "1-0"]
[WhiteElo "2246"]
[BlackElo "2068"]
[PlyCount "111"]
[EventDate "2016.??.??"]

1. Nf3 Nf6 2. b3 d6 3. d4 Bg4 4. Bb2 e6 5. Nbd2 Be7 6. g3 Nbd7 7. Bg2 c6 8. c4
Qc7 9. O-O O-O 10. Qc2 Rfe8 11. e4 e5 12. Rfe1 Rad8 13. Rac1 h6 14. h3 Bxf3 15.
Nxf3 Bf8 16. Bc3 g6 17. Kh2 Bg7 18. Rcd1 Nh7 19. Qc1 Nhf8 20. Qa3 b6 21. Qb2 g5
22. d5 c5 23. h4 g4 24. Nd2 Ng6 25. Nf1 Nf6 26. Ne3 Kh7 27. Qe2 Qd7 28. Rf1 Rg8
29. Bd2 Ne7 30. f3 gxf3 31. Qxf3 Rdf8 32. Bh3 Qd8 33. Nf5 Nxf5 34. Qxf5+ Kh8
35. Bxh6 Bxh6 36. Qxf6+ Qxf6 37. Rxf6 Rg6 38. Rdf1 Kg7 39. R6f3 Bd2 40. Be6 f6
41. R1f2 Bc1 42. Rc2 Ba3 43. Kh3 Rb8 44. g4 b5 45. Rf5 bxc4 46. Rxc4 Rb4 47. g5
Rxc4 48. bxc4 Bc1 49. Kg4 Bf4 50. Kh5 a5 51. Bd7 fxg5 52. hxg5 Kh7 53. Rxf4
exf4 54. Bf5 f3 55. Bxg6+ Kg7 56. Bf5 1-0

[Event "SR Extraliga 2016/2017"]
[Site "?"]
[Date "2017.02.19"]
[Round "8.1"]
[White "Repka, Christopher"]
[Black "Miton, Kamil"]
[Result "0-1"]
[WhiteElo "2452"]
[BlackElo "2610"]
[PlyCount "55"]
[EventDate "2016.??.??"]

1. d4 Nf6 2. Nf3 e6 3. c4 Bb4+ 4. Bd2 a5 5. a3 Bxd2+ 6. Nbxd2 d6 7. e4 Nc6 8.
b4 O-O 9. b5 Ne7 10. Qc2 e5 11. dxe5 dxe5 12. Rd1 Ng6 13. c5 Qe7 14. Bc4 Nd7
15. c6 bxc6 16. bxc6 Nb6 17. Qc3 Nxc4 18. Nxc4 Ba6 19. O-O Qe6 20. Rc1 Nf4 21.
Rfe1 Rfd8 22. Ncxe5 Ne2+ 23. Rxe2 Bxe2 24. Nd7 Bxf3 25. Qxf3 Re8 26. Qg3 Qh6
27. Rc4 Rxe4 28. Qc3 0-1

[Event "SR Extraliga 2016/2017"]
[Site "?"]
[Date "2017.02.19"]
[Round "8.2"]
[White "Antoniewski, Rafal"]
[Black "Repkova, Eva"]
[Result "1/2-1/2"]
[WhiteElo "2531"]
[BlackElo "2324"]
[PlyCount "39"]
[EventDate "2016.??.??"]

1. g3 e5 2. c4 Nf6 3. Bg2 Bc5 4. Nc3 O-O 5. d3 c6 6. Nf3 d6 7. O-O Nbd7 8. Na4
Bb4 9. a3 Ba5 10. b4 Bc7 11. Bb2 d5 12. cxd5 cxd5 13. Rc1 Re8 14. Nc3 d4 15.
Nb5 Bb8 16. Qc2 a5 17. Ng5 axb4 18. axb4 Nb6 19. Qb3 Qe7 20. f4 1/2-1/2

[Event "SR Extraliga 2016/2017"]
[Site "?"]
[Date "2017.02.19"]
[Round "8.3"]
[White "Istona, Martin"]
[Black "Bulski, Krzysztof"]
[Result "0-1"]
[WhiteElo "2244"]
[BlackElo "2524"]
[PlyCount "82"]
[EventDate "2016.??.??"]

1. e4 c5 2. Nf3 e6 3. d4 cxd4 4. Nxd4 a6 5. Nc3 Qc7 6. Bd3 Nf6 7. f4 d6 8. Be3
Be7 9. Qf3 Nc6 10. O-O Bd7 11. Kh1 O-O 12. Rae1 Rac8 13. Nxc6 Bxc6 14. Qh3 g6
15. f5 e5 16. Bh6 Rfe8 17. fxg6 hxg6 18. Bg5 Nh5 19. Qh4 b5 20. Rf3 Qd8 21.
Bxe7 Qxe7 22. Qxe7 Rxe7 23. Rf2 Nf4 24. a3 Rec7 25. Nd1 Kg7 26. Ne3 f6 27. Kg1
Bb7 28. Rd2 Nxd3 29. cxd3 Kf7 30. Ree2 Ke6 31. Rc2 f5 32. exf5+ gxf5 33. Rxc7
Rxc7 34. Rc2 Rg7 35. Kf1 f4 36. Nd1 Kd5 37. Nc3+ Kd4 38. Rd2 Ke3 39. Nb1 f3 40.
gxf3 Bxf3 41. Rf2 Bg4 0-1

[Event "SR Extraliga 2016/2017"]
[Site "?"]
[Date "2017.02.19"]
[Round "8.4"]
[White "Jurcik, Martin"]
[Black "Kravec, Patrik"]
[Result "1/2-1/2"]
[WhiteElo "2322"]
[BlackElo "2079"]
[PlyCount "95"]
[EventDate "2016.??.??"]

1. d4 Nf6 2. Bg5 g6 3. c4 Bg7 4. Nc3 O-O 5. e3 d6 6. Nf3 c5 7. Be2 b6 8. O-O
Bb7 9. d5 Nbd7 10. Qc2 a6 11. e4 b5 12. cxb5 axb5 13. Bxb5 Ba6 14. a4 Qa5 15.
Bd2 Rfb8 16. Ra3 Qd8 17. Re1 Ng4 18. Bc6 Bb7 19. Nb5 Nge5 20. Nxe5 Nxe5 21.
Bxb7 Rxb7 22. Bc3 Qd7 23. h3 f5 24. exf5 Qxf5 25. Qxf5 gxf5 26. Bxe5 Bxe5 27.
Re2 Kf7 28. g3 h5 29. f4 Bf6 30. Kf2 Rg8 31. Kf3 Rh8 32. b3 Rhb8 33. Raa2 Rxb5
34. axb5 Rxb5 35. Re3 Rb4 36. Ra4 Rb7 37. Ke2 Rc7 38. Kd3 Rb7 39. Kc2 Rc7 40.
Kd3 Rb7 41. Kc2 Rc7 42. Ra8 Rb7 43. Re6 Bg7 44. Ra4 Rc7 45. Kd3 Rb7 46. Kc2 Rc7
47. Kd3 Rb7 48. Kc2 1/2-1/2

[Event "SR Extraliga 2016/2017"]
[Site "?"]
[Date "2017.02.19"]
[Round "8.5"]
[White "Cuker, Dusan"]
[Black "Kantorik, Marian"]
[Result "1/2-1/2"]
[WhiteElo "2094"]
[BlackElo "2291"]
[PlyCount "51"]
[EventDate "2016.??.??"]

1. d4 Nf6 2. Nf3 e6 3. e3 b6 4. Bd3 Bb7 5. Nbd2 d5 6. O-O Nbd7 7. Ne5 Bd6 8. f4
O-O 9. Qf3 c5 10. c3 Rc8 11. g4 g6 12. Rf2 Ne8 13. Qh3 Bxe5 14. fxe5 f6 15.
exf6 Rxf6 16. Nf3 Qe7 17. Bd2 Nd6 18. Raf1 Rcf8 19. Be1 Nc4 20. Bxc4 dxc4 21.
Nd2 cxd4 22. exd4 Rxf2 23. Rxf2 Rxf2 24. Bxf2 Qg5 25. Be3 Qd5 26. Qg3 1/2-1/2

[Event "SR Extraliga 2016/2017"]
[Site "?"]
[Date "2017.02.19"]
[Round "8.6"]
[White "Haring, Viktor"]
[Black "Kriz, Mario"]
[Result "1/2-1/2"]
[WhiteElo "2249"]
[BlackElo "2165"]
[PlyCount "118"]
[EventDate "2016.??.??"]

1. e4 c5 2. Nf3 Nc6 3. d4 cxd4 4. Nxd4 e5 5. Nb5 d6 6. N1c3 a6 7. Na3 b5 8. Nd5
Be7 9. Bd3 h6 10. O-O Rb8 11. c4 b4 12. Nc2 Bg5 13. Be3 Nf6 14. Qd2 Ng4 15.
Bxg5 Qxg5 16. Qxg5 hxg5 17. h3 Nf6 18. Nxf6+ gxf6 19. Ne3 Nd4 20. Nd5 f5 21.
exf5 Bxf5 22. Bxf5 Nxf5 23. c5 Kd7 24. Rac1 Nd4 25. Rfe1 Kc6 26. Nf6 Rh6 27.
cxd6+ Kxd6 28. Ne4+ Kd7 29. Nxg5 f6 30. Ne4 f5 31. Nc5+ Kd6 32. Nxa6 Rb6 33.
Nc5 Rc6 34. Nd3 Rxc1 35. Nxc1 e4 36. Kf1 Kd5 37. Ne2 Nxe2 38. Kxe2 Ra6 39. Ra1
f4 40. a3 Rc6 41. Rd1+ Ke5 42. axb4 Rc4 43. b3 Rxb4 44. Rb1 Kd4 45. g3 f3+ 46.
Kd2 Rb8 47. b4 Ra8 48. b5 Ra2+ 49. Ke1 e3 50. fxe3+ Kxe3 51. b6 Re2+ 52. Kf1
Rf2+ 53. Kg1 Rg2+ 54. Kh1 Rxg3 55. b7 Rxh3+ 56. Kg1 f2+ 57. Kg2 f1=Q+ 58. Rxf1
Rh8 59. b8=Q Rxb8 1/2-1/2

[Event "SR Extraliga 2016/2017"]
[Site "?"]
[Date "2017.02.19"]
[Round "8.7"]
[White "Mrva, Vladimir"]
[Black "Haring, Filip"]
[Result "0-1"]
[WhiteElo "2128"]
[BlackElo "2229"]
[PlyCount "186"]
[EventDate "2016.??.??"]

1. e4 c5 2. Nf3 e6 3. c4 a6 4. Nc3 Nc6 5. d4 cxd4 6. Nxd4 Qc7 7. Nxc6 dxc6 8.
a3 Nf6 9. Bd3 Bc5 10. O-O e5 11. h3 O-O 12. Bg5 Qe7 13. Qf3 Be6 14. Ne2 a5 15.
Ng3 h6 16. Bxf6 Qxf6 17. Qxf6 gxf6 18. Rfd1 Rfd8 19. Be2 Bd4 20. Rab1 a4 21.
Bd3 Ra5 22. Nh5 Kf8 23. Nxf6 Ke7 24. Nh5 Rg8 25. g4 Ra6 26. Ng3 Rb6 27. Rd2 Rb3
28. Kg2 Rb6 29. Be2 Rd8 30. Kf1 Rb3 31. Kg2 Rb6 32. Kf1 Ra8 33. Kg2 Bc5 34.
Rbd1 Rb3 35. Nf5+ Kf6 36. Rc1 Bxf5 37. exf5 Bd4 38. Rcc2 c5 39. Bf3 Ra6 40. Bd1
Rab6 41. Re2 Bxb2 42. Rcd2 Bxa3 43. Bxb3 axb3 44. Rd1 Rb4 45. Rb1 b5 46. cxb5
c4 47. Re3 Rxb5 48. Rc3 Rc5 49. f4 exf4 50. Kf3 Bb4 51. Rcc1 Bd2 52. Rh1 Rb5
53. Ke2 c3 54. Kd3 Rb6 55. h4 f3 56. Rhf1 Rd6+ 57. Ke4 f2 58. Rxb3 c2 59. Rb2
c1=Q 60. Rxc1 Bxc1 61. Rxf2 Rd2 62. Rf1 Bb2 63. Rh1 Rd4+ 64. Kf3 Ba3 65. Rb1
Bd6 66. Rg1 Rf4+ 67. Ke2 h5 68. gxh5 Rxh4 69. Rd1 Be5 70. Rd7 Rxh5 71. Ke3 Rxf5
72. Ke4 Rf4+ 73. Ke3 Ra4 74. Rb7 Kg6 75. Re7 f6 76. Re8 Kf5 77. Rh8 Ra3+ 78.
Ke2 Ke4 79. Rc8 Ra2+ 80. Ke1 f5 81. Rc4+ Bd4 82. Rc8 f4 83. Re8+ Kf3 84. Rb8
Ra1+ 85. Kd2 Be3+ 86. Kd3 Rd1+ 87. Kc2 Ke2 88. Rh8 Rc1+ 89. Kb3 f3 90. Rh2+ f2
91. Kb2 Rc6 92. Rg2 Kf3 93. Rg6 Rxg6 0-1

[Event "SR Extraliga 2016/2017"]
[Site "?"]
[Date "2017.02.19"]
[Round "8.8"]
[White "Magat, Jozef"]
[Black "Skovran, Jaroslav"]
[Result "0-1"]
[WhiteElo "2089"]
[BlackElo "1986"]
[PlyCount "80"]
[EventDate "2016.??.??"]

1. d4 Nf6 2. Bg5 c6 3. Nf3 d5 4. e3 Bg4 5. Be2 Nbd7 6. O-O e6 7. c4 Be7 8. Nc3
O-O 9. c5 b5 10. cxb6 axb6 11. a4 h6 12. Bf4 Qc8 13. h3 Bf5 14. g4 Be4 15. Ne5
Nxe5 16. dxe5 Nd7 17. Nxe4 dxe4 18. Qc2 Nc5 19. Rfd1 Qc7 20. Rd4 b5 21. b4 Nd3
22. Bxd3 exd3 23. Qxd3 Rfd8 24. Rxd8+ Rxd8 25. Qc3 bxa4 26. Rxa4 Qb7 27. Ra1
Bxb4 28. Qb3 c5 29. Rd1 Rd5 30. Rd3 Qd7 31. Rxd5 exd5 32. Qc2 Qc6 33. Kf1 c4
34. Ke2 Qa6 35. Kf3 Qb5 36. h4 c3 37. h5 Qc4 38. Qa4 Qe4+ 39. Kg3 c2 40. f3
Be1+ 0-1

[Event "SR Extraliga 2016/2017"]
[Site "?"]
[Date "2017.02.19"]
[Round "8.1"]
[White "Druska, Juraj"]
[Black "Rojicek, Vojtech"]
[Result "1/2-1/2"]
[WhiteElo "2441"]
[BlackElo "2407"]
[PlyCount "31"]
[EventDate "2016.??.??"]

1. e4 c6 2. d4 d5 3. Nc3 dxe4 4. Nxe4 Nf6 5. Ng3 h5 6. h3 h4 7. N3e2 Bf5 8. Nf3
e6 9. c3 Be7 10. Nf4 Nbd7 11. Bd3 Bxd3 12. Nxd3 Qa5 13. Nde5 Nxe5 14. Nxe5 Nd7
15. Nxd7 Kxd7 16. Qb3 1/2-1/2

[Event "SR Extraliga 2016/2017"]
[Site "?"]
[Date "2017.02.19"]
[Round "8.2"]
[White "Plachetka, Jan"]
[Black "Leniart, Arkadiusz"]
[Result "1/2-1/2"]
[WhiteElo "2362"]
[BlackElo "2490"]
[PlyCount "30"]
[EventDate "2016.??.??"]

1. d4 Nf6 2. Nf3 d5 3. c4 e6 4. Nc3 Be7 5. Bg5 h6 6. Bxf6 Bxf6 7. e3 O-O 8.
cxd5 exd5 9. Qc2 b6 10. Be2 Be6 11. O-O c5 12. Rfd1 Nc6 13. dxc5 bxc5 14. Nxd5
Bxd5 15. Qxc5 Ne7 1/2-1/2

[Event "SR Extraliga 2016/2017"]
[Site "?"]
[Date "2017.02.19"]
[Round "8.3"]
[White "Manik, Mikulas"]
[Black "Hrabusa, Matej"]
[Result "1/2-1/2"]
[WhiteElo "2426"]
[BlackElo "2330"]
[PlyCount "61"]
[EventDate "2016.??.??"]

1. e4 c5 2. Nf3 d6 3. d4 cxd4 4. Nxd4 Nf6 5. Nc3 a6 6. Be3 e5 7. Nb3 Be6 8. h3
Be7 9. f4 b5 10. f5 Bc8 11. Qf3 Bb7 12. a3 Nbd7 13. g4 Rc8 14. Nd2 d5 15. Nxd5
Nxd5 16. exd5 Bh4+ 17. Kd1 Nf6 18. Rh2 Nxd5 19. Kc1 O-O 20. Ne4 Qa5 21. Bd2 Qc7
22. Bd3 Nf6 23. Bc3 Rfd8 24. Nxf6+ Bxf6 25. Be4 Qb6 26. Re2 Bxe4 27. Rxe4 Qg1+
28. Re1 Qc5 29. Kb1 a5 30. Qe4 Qb6 31. Ka2 1/2-1/2

[Event "SR Extraliga 2016/2017"]
[Site "?"]
[Date "2017.02.19"]
[Round "8.4"]
[White "Tropp, Oliver"]
[Black "Mikrut, Dariusz"]
[Result "0-1"]
[WhiteElo "2236"]
[BlackElo "2394"]
[PlyCount "106"]
[EventDate "2016.??.??"]

1. c4 Nf6 2. Nc3 g6 3. d4 Bg7 4. e4 O-O 5. e5 Ne8 6. f4 d6 7. Nf3 c5 8. dxc5
Nc6 9. cxd6 exd6 10. c5 dxc5 11. Qxd8 Nxd8 12. Be3 b6 13. O-O-O Nc7 14. Bc4 Be6
15. Bxe6 Ndxe6 16. Rd7 Rfd8 17. Rhd1 Rxd7 18. Rxd7 Rd8 19. Rxd8+ Nxd8 20. Ng5
f6 21. exf6 Bxf6 22. Nge4 Be7 23. Kc2 Kf7 24. Kd3 Ke6 25. Kc4 Nc6 26. g4 b5+
27. Kd3 c4+ 28. Ke2 b4 29. Na4 Kd5 30. Nd2 Ne6 31. a3 Ned4+ 32. Kd1 Nb5 33.
axb4 Bxb4 34. f5 gxf5 35. gxf5 Ne5 36. Nc3+ Bxc3 37. bxc3 Nxc3+ 38. Kc2 Nb5 39.
f6 a6 40. Bf4 Nd4+ 41. Kd1 Nf7 42. Nb1 Ke4 43. Bc7 Kd3 44. Ba5 Nb5 45. Nd2 Nbd6
46. Nf3 Ne4 47. Ne1+ Kd4 48. Kc2 Ke3 49. Kb2 Nxf6 50. Bb6+ Ke2 51. Nc2 Nd5 52.
Bd4 Nd6 53. Na3 Kd3 0-1

[Event "SR Extraliga 2016/2017"]
[Site "?"]
[Date "2017.02.19"]
[Round "8.5"]
[White "Kusiak, Matej"]
[Black "Macko, Michal"]
[Result "1-0"]
[WhiteElo "2305"]
[BlackElo "2186"]
[PlyCount "65"]
[EventDate "2016.??.??"]

1. e4 c5 2. Nf3 e6 3. d4 cxd4 4. Nxd4 Nc6 5. Nc3 Qc7 6. Be3 a6 7. Qd2 Nf6 8. f3
Be7 9. g4 Nxd4 10. Bxd4 b5 11. O-O-O Bb7 12. h4 b4 13. Ne2 d5 14. e5 Nd7 15.
Qe3 Rc8 16. Rd2 Bc5 17. f4 Nb6 18. b3 Bxd4 19. Nxd4 Qc3 20. Qxc3 Rxc3 21. Rd3
Rxd3 22. Bxd3 Ke7 23. Kd2 Nd7 24. a3 bxa3 25. Ra1 h6 26. h5 f6 27. exf6+ gxf6
28. Rxa3 e5 29. Nf5+ Ke6 30. Ra4 exf4 31. Rxf4 Ne5 32. Rb4 Nxd3 33. Rxb7 1-0

[Event "SR Extraliga 2016/2017"]
[Site "?"]
[Date "2017.02.19"]
[Round "8.6"]
[White "Motycakova, Monika"]
[Black "Jacko, Vladimir"]
[Result "1-0"]
[WhiteElo "2177"]
[BlackElo "2304"]
[PlyCount "139"]
[EventDate "2016.??.??"]

1. e4 c5 2. Nf3 g6 3. d4 cxd4 4. Nxd4 Bg7 5. c4 Nc6 6. Be3 Nf6 7. Nc3 O-O 8.
Be2 d6 9. O-O Bd7 10. Rc1 Nxd4 11. Bxd4 Bc6 12. f3 a5 13. b3 Nd7 14. Be3 Nc5
15. Qd2 Qb6 16. Rc2 Rfc8 17. Rb1 h5 18. Bf1 Qd8 19. a3 Kh7 20. b4 axb4 21. axb4
Ne6 22. Nd5 Ra3 23. Bb6 Qf8 24. Qc1 Raa8 25. Be3 Bxd5 26. cxd5 Nd4 27. Rxc8
Qxc8 28. Qd2 Qc2 29. Qxc2 Nxc2 30. Bf2 Bh6 31. Bd3 Ra2 32. Bc4 Ra3 33. Be2 Rc3
34. g3 Bg7 35. b5 Nd4 36. Bxd4 Bxd4+ 37. Kf1 b6 38. Rd1 Bc5 39. Ra1 Kg7 40. Rd1
Kf6 41. Bd3 Ra3 42. Ke2 Bb4 43. Rc1 Ra2+ 44. Rc2 Ra1 45. f4 g5 46. fxg5+ Kxg5
47. Kf3 Bc5 48. h4+ Kf6 49. Rh2 Ra3 50. Rd2 Ke5 51. Kg2 Be3 52. Rd1 Ra2+ 53.
Kh3 Rf2 54. Bb1 Bd2 55. Rg1 Be3 56. Rd1 Bd2 57. Rg1 Rf3 58. Rd1 Bf4 59. Rd3 Be3
60. Ra3 Rf1 61. Bd3 Rh1+ 62. Kg2 Rg1+ 63. Kf3 Bc5 64. Ra7 Kf6 65. Ra2 Rd1 66.
Be2 Rg1 67. Bd3 Bd4 68. Rg2 Rd1 69. Bc2 Ke5 70. Bxd1 1-0

[Event "SR Extraliga 2016/2017"]
[Site "?"]
[Date "2017.02.19"]
[Round "8.7"]
[White "Zambor, Norbert"]
[Black "Palecek, Peter"]
[Result "1/2-1/2"]
[WhiteElo "2309"]
[BlackElo "2242"]
[PlyCount "36"]
[EventDate "2016.??.??"]

1. e4 e5 2. Nf3 Nc6 3. Bb5 a6 4. Ba4 Nf6 5. O-O Be7 6. Re1 b5 7. Bb3 d6 8. c3
O-O 9. h3 Na5 10. Bc2 c5 11. d3 Nc6 12. Nbd2 Qc7 13. Nf1 Re8 14. Ne3 Bf8 15. d4
exd4 16. cxd4 Nxd4 17. Nxd4 cxd4 18. Qxd4 Qc5 1/2-1/2

[Event "SR Extraliga 2016/2017"]
[Site "?"]
[Date "2017.02.19"]
[Round "8.8"]
[White "Hros, Roman"]
[Black "Holtman, Teodor"]
[Result "0-1"]
[WhiteElo "2191"]
[BlackElo "2243"]
[PlyCount "110"]
[EventDate "2016.??.??"]

1. e4 c5 2. Nf3 Nc6 3. Bb5 Nf6 4. Qe2 Qc7 5. c3 a6 6. Bd3 Nh5 7. g3 d6 8. Bc2
g6 9. d3 Bg7 10. h3 O-O 11. Kf1 b5 12. Kg2 Bb7 13. Nbd2 b4 14. c4 a5 15. Ba4
Nf6 16. Re1 Nd7 17. Nf1 Nb6 18. Bxc6 Bxc6 19. N3d2 Nd7 20. Ne3 e6 21. Kh2 Qb7
22. f3 Rfe8 23. Ndf1 a4 24. Rb1 Qc7 25. Ng4 h5 26. Nf2 Reb8 27. h4 a3 28. b3
Re8 29. Nh3 Rad8 30. Bg5 Rc8 31. Bf4 Bb7 32. g4 hxg4 33. fxg4 Ne5 34. g5 d5 35.
h5 Qc6 36. Ng3 Rcd8 37. Nf2 Qd7 38. Rbd1 Qe7 39. Kh3 dxc4 40. dxc4 Nc6 41. e5
Nd4 42. Rxd4 Rxd4 43. Nge4 Red8 44. Nf6+ Bxf6 45. gxf6 Qc7 46. Qe3 Qc6 47. hxg6
Qg2+ 48. Kh4 Rxf4+ 49. Qxf4 Rd4 50. gxf7+ Kxf7 51. Qxd4 cxd4 52. Nh3 d3 53.
Ng5+ Kg6 54. Nh3 Kh6 55. Re3 Bf3 0-1

[Event "SR Extraliga 2016/2017"]
[Site "?"]
[Date "2017.02.19"]
[Round "8.1"]
[White "Vovk, Jurij"]
[Black "Balogh, Csaba"]
[Result "1/2-1/2"]
[WhiteElo "2609"]
[BlackElo "2630"]
[PlyCount "33"]
[EventDate "2016.??.??"]

1. d4 d5 2. c4 c6 3. Nf3 Nf6 4. Nc3 dxc4 5. a4 Bf5 6. Ne5 Nbd7 7. Nxc4 Qc7 8.
g3 e5 9. dxe5 Nxe5 10. Bf4 Nfd7 11. Bg2 f6 12. O-O Be6 13. Nxe5 Nxe5 14. a5 a6
15. Qc2 Rd8 16. Ne4 Rd5 17. Bd2 1/2-1/2

[Event "SR Extraliga 2016/2017"]
[Site "?"]
[Date "2017.02.19"]
[Round "8.2"]
[White "Martinovic, Sasa"]
[Black "Vetoshko, Volodymyr"]
[Result "1/2-1/2"]
[WhiteElo "2550"]
[BlackElo "2507"]
[PlyCount "45"]
[EventDate "2016.??.??"]

1. d4 d5 2. c4 e6 3. Nc3 Be7 4. Nf3 Nf6 5. Bf4 O-O 6. e3 b6 7. cxd5 Nxd5 8.
Nxd5 Qxd5 9. Be2 Bb4+ 10. Nd2 Bxd2+ 11. Qxd2 Qxg2 12. O-O-O Ba6 13. Rhg1 Qc6+
14. Kb1 Bxe2 15. Qxe2 f6 16. e4 Qd7 17. Qc4 Qc6 18. Qe2 Qd7 19. Rg3 Nc6 20. Qc4
Ne5 21. Qc2 Rad8 22. Rd2 Nc6 23. Qc4 1/2-1/2

[Event "SR Extraliga 2016/2017"]
[Site "?"]
[Date "2017.02.19"]
[Round "8.3"]
[White "Nayhebaver, Martin"]
[Black "Rigo, Zsolt"]
[Result "1-0"]
[WhiteElo "2444"]
[BlackElo "2387"]
[PlyCount "171"]
[EventDate "2016.??.??"]

1. e4 c5 2. Nf3 e6 3. d4 cxd4 4. Nxd4 a6 5. Bd3 Nf6 6. O-O e5 7. Bg5 h6 8. Bxf6
Qxf6 9. Nf5 g6 10. Ne3 Bc5 11. Nc3 d6 12. Ncd5 Qd8 13. Bc4 Be6 14. c3 Nd7 15.
b4 Ba7 16. Kh1 O-O 17. Qe2 Rc8 18. Bb3 Kg7 19. Rad1 Bxe3 20. Qxe3 Rc6 21. f4
exf4 22. Qd4+ Ne5 23. Rxf4 Qg5 24. Rdf1 Bxd5 25. Bxd5 Rc7 26. Rf6 Rd7 27. Be6
Re7 28. Bb3 Rd7 29. Be6 Re7 30. Qxd6 Rfe8 31. Bd5 Rd7 32. Qb6 Ree7 33. Rd6 Rxd6
34. Qxd6 h5 35. Qb6 Ng4 36. Qd4+ f6 37. h3 Ne3 38. Rg1 Qg3 39. Qd3 g5 40. c4 g4
41. Qd2 b5 42. c5 Kh7 43. Be6 Rg7 44. Qd6 Qf2 45. c6 Qc2 46. Bd7 gxh3 47. Bxh3
Ng4 48. Rf1 Qxe4 49. Qc5 Rg5 50. Qc1 Rg8 51. Re1 Qd4 52. Re7+ Kg6 53. Qc2+ Kg5
54. Qc1+ Kg6 55. Qc2+ Kg5 56. Bxg4 hxg4 57. Qc1+ Qf4 58. Qxf4+ Kxf4 59. c7 f5
60. Kg1 Rc8 61. Kf2 Kg5 62. Ke3 f4+ 63. Ke4 f3 64. gxf3 Kf6 65. Rd7 gxf3 66.
Kxf3 Ke6 67. Rh7 Kd5 68. Ke3 Kc4 69. a3 Kb3 70. Kd4 Kxa3 71. Kc5 Ka4 72. Kb6
Kxb4 73. Kxa6 Kc5 74. Kb7 Rg8 75. Rh5+ Kc4 76. Rg5 Rh8 77. Rg4+ Kc3 78. Rh4 Rg8
79. Rh3+ Kc4 80. Rh4+ Kc3 81. Rh6 b4 82. Rc6+ Kd3 83. Kb6 b3 84. Rd6+ Ke3 85.
Kb7 b2 86. Rb6 1-0

[Event "SR Extraliga 2016/2017"]
[Site "?"]
[Date "2017.02.19"]
[Round "8.4"]
[White "Maslik, Miroslav"]
[Black "Dovzik, Juri"]
[Result "1/2-1/2"]
[WhiteElo "2343"]
[BlackElo "2309"]
[PlyCount "42"]
[EventDate "2016.??.??"]

1. d4 d5 2. c4 c6 3. Nf3 Nf6 4. Nc3 g6 5. Bf4 a6 6. a4 Bg7 7. e3 O-O 8. Bd3 Bg4
9. Qb3 Bxf3 10. Qxb7 Bxg2 11. Rg1 Be4 12. Bxe4 Nxe4 13. Qxa8 Qb6 14. Nxe4 Nd7
15. Qxf8+ Bxf8 16. Nd2 e5 17. Bxe5 Nxe5 18. dxe5 Qxb2 19. Rb1 Qxe5 20. cxd5
cxd5 21. Ke2 Qe8 1/2-1/2

[Event "SR Extraliga 2016/2017"]
[Site "?"]
[Date "2017.02.19"]
[Round "8.5"]
[White "Najgebauer, Szemjon"]
[Black "Federic, Jozef"]
[Result "1-0"]
[WhiteElo "2269"]
[BlackElo "2295"]
[PlyCount "81"]
[EventDate "2016.??.??"]

1. d4 d5 2. c4 e6 3. Nc3 Nf6 4. cxd5 exd5 5. Bg5 Be7 6. Qc2 h6 7. Bh4 O-O 8. e3
b6 9. Bd3 c5 10. dxc5 g5 11. Bg3 bxc5 12. Rd1 Qa5 13. Nf3 Nc6 14. Be2 Be6 15.
O-O Rac8 16. Ne5 Rfd8 17. Nxc6 Rxc6 18. Be5 Kf8 19. Bf3 c4 20. a3 Ng8 21. Qh7
f6 22. e4 dxe4 23. Rxd8+ Qxd8 24. Rd1 Qc8 25. Qxe4 Rb6 26. Bd4 Bf5 27. Qe3 Re6
28. Qc1 Bc5 29. Bxc5+ Qxc5 30. Rd5 Qe7 31. Rd1 Bc2 32. Rf1 Bd3 33. Nd5 Qd6 34.
Rd1 Ne7 35. Ne3 Qf4 36. h3 Ng6 37. Bd5 Rd6 38. Rxd3 Ne5 39. Rd2 g4 40. hxg4
Nxg4 41. Nxg4 1-0

[Event "SR Extraliga 2016/2017"]
[Site "?"]
[Date "2017.02.19"]
[Round "8.6"]
[White "Skara, Vladimir"]
[Black "Klemanic, Emil"]
[Result "1-0"]
[WhiteElo "2250"]
[BlackElo "2159"]
[PlyCount "39"]
[EventDate "2016.??.??"]

1. e4 d6 2. d4 Nf6 3. Nc3 g6 4. f3 Bg7 5. Be3 c6 6. Qd2 b5 7. O-O-O b4 8. Nce2
a5 9. g4 Nbd7 10. h4 Nb6 11. Nf4 h5 12. gxh5 Nxh5 13. Nxh5 Rxh5 14. Be2 Ba6 15.
Bxa6 Rxa6 16. Qd3 Qc8 17. Ne2 c5 18. Qb5+ Kf8 19. dxc5 dxc5 20. Qxa6 1-0